000 01325nam a22003857a 4500
003 CHAP
005 20220329134631.0
008 971013s1977 r 00010 d
010 _a23349
011 _a24321
035 _a28420
040 _cCHAP
090 _aTesis
100 0 0 _aChávez Chávez, José.
_922681
245 _aEstabilidad del rendimiento de grano de avena (Avena sativa l.) en diferentes agrupamientos ambientales
260 _aChapingo, Méx. :
_bEl autor,
_c1977
300 _a65 h.
_b; gráfs. ; mapa
502 _aTesis (M.C. Esp. en Genética) -- ENA.
590 _aALEPH
_b10
_c20130110
_lUCH01
_h1247
590 _aBATCH-UPD
_b10
_c20130110
_lUCH01
_h0111
590 _aBATCH-UPD
_b10
_c20130110
_lUCH01
_h1947
590 _aBATCH-UPD
_b10
_c20130409
_lUCH01
_h2102
590 _aBATCH-UPD
_b10
_c20130410
_lUCH01
_h1309
590 _aBATCH-UPD
_b10
_c20130914
_lUCH01
_h0433
590 _aCONVERSION
_b10
_c20130109
_lUCH01
_h1314
650 1 4 _aAvena
_xEfecto del medio ambiente.
_98516
650 1 4 _aAvena
_xGenética.
_98521
650 1 4 _aAvena
_xRendimiento.
_98539
901 _aBK
942 _cFOLL
949 _bBC
_cTES
_d-65583
_eTS1
_i28420
_si
949 _bBC
_cTES
_d-65584
_eTS2
_fc.2
_i28420
_si
949 _bBC
_cTES
_d-65585
_eTS2
_fc.3
_i28420
_si
949 _bBC
_cTES
_d-65586
_eTS2
_fc.4
_i28420
_si
999 _c23349
_d23349